Nhà văn

Tiền thân nhan đề là Văn học nước ngoài; Tháng 7/2013 nhan đề là nhà văn và tác phẩm

Spremljeno u:
Bibliografski detalji
Glavni autor: Hội Nhà văn Việt Nam
Format: Knjiga
Jezik:Undetermined
Izdano: Hà Nội
Teme:
Online pristup:http://lrc.tdmu.edu.vn/opac/search/detail.asp?aID=2&ID=6862
Oznake: Dodaj oznaku
Bez oznaka, Budi prvi tko označuje ovaj zapis!
Thư viện lưu trữ: Trung tâm Học liệu Trường Đại học Thủ Dầu Một
LEADER 00706nam a2200169Ia 4500
001 TDMU_6862
008 210410s9999 xx 000 0 und d
082 |a NULL 
100 |a Hội Nhà văn Việt Nam 
245 0 |a Nhà văn 
245 0 |c Hội Nhà văn Việt Nam 
260 |a Hà Nội 
300 |a 162tr 
520 |a Tiền thân nhan đề là Văn học nước ngoài; Tháng 7/2013 nhan đề là nhà văn và tác phẩm 
650 |a Tạp chí Nhà văn ; Tạp chí của Hội Nhà văn Việt Nam 
856 |u http://lrc.tdmu.edu.vn/opac/search/detail.asp?aID=2&ID=6862 
980 |a Trung tâm Học liệu Trường Đại học Thủ Dầu Một